Vài suy nghĩ về việc thực hiện chiến lược biển Việt Nam đối với ngành dược /

Spremljeno u:
Bibliografski detalji
Glavni autor: Trần Trấp, DS.CK2.
Format: Članak
Jezik:Vietnamese
Teme:
Oznake: Dodaj oznaku
Bez oznaka, Budi prvi tko označuje ovaj zapis!
Thư viện lưu trữ: Thư viện Trường Đại học Đà Lạt
LEADER 00803nam a2200265 4500
001 DLU090102984
005 ##20091228
040 # # |a DLU  |b vie 
041 # # |a vie 
044 # # |a vn 
100 # # |a Trần Trấp,   |c DS.CK2. 
245 # # |a Vài suy nghĩ về việc thực hiện chiến lược biển Việt Nam đối với ngành dược /  |c Trần Trấp. 
653 # # |a Bài thuốc dân gian 
653 # # |a Dược liệu 
653 # # |a Tài nguyên biển 
773 # # |t Cây thuốc quý  |g Số8(113), 2008, tr. 6-7 
920 # # |a Phòng Tạp chí -- Trung tâm Thông tin - Thư viện Trường Đại học Đà Lạt 
994 # # |a DLU 
900 # # |a True 
911 # # |a Nguyễn Thị Linh Chi 
925 # # |a G 
926 # # |a A 
927 # # |a BB 
980 # # |a Thư viện Trường Đại học Đà Lạt